UNIVERSIDAD Y SECTOR CAMPESINO/

Збережено в:
Бібліографічні деталі
Автор: Garza Falla, Carlos (autor)
Формат: Книга
Серія:REFLEXION UNIVERSITARIA; 1
Предмети:
Теги: Додати тег
Немає тегів, Будьте першим, хто поставить тег для цього запису!

MARC

LEADER 00000nam^a2200000^a^4500
001 000216530
005 20250521000000.0
009 20260310103656.633
035 |a 039671 
037 |a Acervo Xavier Clavigero 
082 |a 305. 56  |b GAR 
100 |a Garza Falla, Carlos  |e (autor) 
245 1 0 |a UNIVERSIDAD Y SECTOR CAMPESINO/  |c CARLOS GARZA FALLA 
264 |a MEXICO :  |b CENTRO DE SERVICIO Y PROMOCION SOCIAL DE LA UNIVERSIDAD IBEROAMERICANA,  |c 1981 
300 |a [24] H. 
336 |a texto  |b txt  |2 rdacontenido 
337 |a sin mediación  |b n  |2 rdamedio 
338 |a volumen  |b nc  |2 rdasoporte 
440 |a REFLEXION UNIVERSITARIA;  |v 1 
649 |a XX 
650 |a Campesinos 
650 |a Universidades 
910 |a Fondo General 
920 |a Impresos - Libros 
930 |a Colección General 
905 |a 101 
901 |a 039671  |b IT1  |c ACC  |i 039671  |u 20250521 
902 |a https://opac.biblio.iteso.mx/vufind/Record/000216530